¿Verdadero o falso? - Geografía mundial fácil - Estadísticas

Estadísticas generales
  • Esta prueba ha sido intentada 4.203 veces
    4.132 desde el último reinicio
  • La puntuación promedio es 12 de 15
Estadísticas de respuestas
Pregunta Respuesta % Correcto
El idioma oficial de Brasil es el español. Falso
95%
Estonia tiene negro, azul y blanco en su bandera. Verdadero
92%
La bandera de Canadá tiene una hoja de arce. Verdadero
92%
Corea del Norte solo hace frontera con Corea del Sur. Falso
86%
Omán es el único país que comienza con O. Verdadero
84%
Hay años en que el Amazonas completamente se seca. Falso
81%
La capital de Mongolia tiene dos palabras. Verdadero
81%
Bombay/Mumbai es la capital de la India. Falso
79%
Timor Oriental solo hace frontera con un país. Verdadero
77%
Las Bahamas están al sur de la capital de Cuba. Falso
72%
Escocia es parte de Inglaterra. Falso
71%
Lituania tiene capital en Riga. Falso
67%
Polonia hace frontera con Rusia. Verdadero
66%
Egipto es el país con más pirámides en el mundo. Falso
64%
Tasmania pertenece a Nueva Zelanda. Falso
64%
No se encontraron pruebas coincidentes
Distribución de puntuación
Porcentaje de gente con cada puntuación
Porcentaje por número respondido
Historial de tus puntuaciones
No has intentado esta prueba desde el último reinicio